MARC details
| 000 -LEADER |
| fixed length control field |
01953cam a22005177i 4500 |
| 001 - CONTROL NUMBER |
| control field |
20012653 |
| 003 - CONTROL NUMBER IDENTIFIER |
| control field |
LIBRIS |
| 005 - DATE AND TIME OF LATEST TRANSACTION |
| control field |
20260407130242.0 |
| 008 - FIXED-LENGTH DATA ELEMENTS--GENERAL INFORMATION |
| fixed length control field |
170126s2017 gw a||||||||||000 0ceng|d |
| 020 ## - INTERNATIONAL STANDARD BOOK NUMBER |
| International Standard Book Number |
9783791383408 |
| Qualifying information |
flexband |
| 035 ## - SYSTEM CONTROL NUMBER |
| System control number |
(BOKR)9783791383408 |
| 040 ## - CATALOGING SOURCE |
| Original cataloging agency |
BOKR |
| Language of cataloging |
swe |
| Modifying agency |
Gbg |
| Description conventions |
i |
| Transcribing agency |
n |
| 041 ## - LANGUAGE CODE |
| Language code of text/sound track or separate title |
eng |
| 082 04 - DEWEY DECIMAL CLASSIFICATION NUMBER |
| Classification number |
720.092 K945 2017 |
| Edition number |
23 |
| 084 ## - OTHER CLASSIFICATION NUMBER |
| Classification number |
Ic |
| Number source |
kssb/8 |
| 100 1# - MAIN ENTRY--PERSONAL NAME |
| Personal name |
Kuhl, Isabel |
| 245 10 - TITLE STATEMENT |
| Title |
50 architects you should know / |
| Statement of responsibility, etc. |
Isabel Kuhl, Kristina Lowis, Sabine Thiel-Siling. |
| 246 1# - VARYING FORM OF TITLE |
| Title proper/short title |
Fifty architects you should know |
| 264 #1 - PRODUCTION, PUBLICATION, DISTRIBUTION, MANUFACTURE, AND COPYRIGHT NOTICE |
| Place of production, publication, distribution, manufacture |
Munich : |
| Name of producer, publisher, distributor, manufacturer |
Prestel, |
| Date of production, publication, distribution, manufacture, or copyright notice |
[2017] |
| 264 #4 - PRODUCTION, PUBLICATION, DISTRIBUTION, MANUFACTURE, AND COPYRIGHT NOTICE |
| Date of production, publication, distribution, manufacture, or copyright notice |
�2017 |
| 300 ## - PHYSICAL DESCRIPTION |
| Extent |
157 pages, 224 cm. |
| Other physical details |
ill. |
| 336 ## - CONTENT TYPE |
| Content type term |
Text |
| Content type code |
txt |
| Source |
rdacontent |
| 337 ## - MEDIA TYPE |
| Media type term |
Omedierad resurs |
| Media type code |
n |
| Source |
rdamedia |
| 338 ## - CARRIER TYPE |
| Carrier type term |
Volym |
| Carrier type code |
nc |
| Source |
rdacarrier |
| 650 #7 - SUBJECT ADDED ENTRY--TOPICAL TERM |
| Topical term or geographic name entry element |
Arkitekter |
| Authority record control number or standard number |
https://id.kb.se/term/sao/Arkitekter |
| Source of heading or term |
sao |
| 650 #0 - SUBJECT ADDED ENTRY--TOPICAL TERM |
| Topical term or geographic name entry element |
Architects |
| Form subdivision |
Biography |
| 650 #0 - SUBJECT ADDED ENTRY--TOPICAL TERM |
| Topical term or geographic name entry element |
Architects |
| 655 #7 - INDEX TERM--GENRE/FORM |
| Genre/form data or focus term |
Biografier �ver flera individer |
| Authority record control number or standard number |
https://id.kb.se/term/saogf/Biografier%20%C3%B6ver%20flera%20individer |
| Source of term |
saogf |
| 700 1# - ADDED ENTRY--PERSONAL NAME |
| Personal name |
Lowis, Kristina |
| Relationship |
aut |
| 700 1# - ADDED ENTRY--PERSONAL NAME |
| Personal name |
Thiel-Siling, Sabine |
| Relationship |
aut |
| 887 ## - NON-MARC INFORMATION FIELD |
| Content of non-MARC field |
{"@id":"3mfssmpf2gqkfz4","modified":"2025-05-14T09:10:49.519+02:00"} |
| Source of data |
librisxl |
| 887 ## - NON-MARC INFORMATION FIELD |
| Content of non-MARC field |
{"@id":"ns15nwkt2c42sjn","modified":"2017-11-28T10:40:11+01:00"} |
| Source of data |
librisxl |
| 887 ## - NON-MARC INFORMATION FIELD |
| Content of non-MARC field |
{"@id":"3npcfgm61vq3srgz","modified":"2025-05-14T09:11:03.813+02:00"} |
| Source of data |
librisxl |
| 942 ## - ADDED ENTRY ELEMENTS (KOHA) |
| Source of classification or shelving scheme |
Dewey Decimal Classification |
| Koha item type |
English Book |
| Suppress in OPAC |
No |